[Event "Hessen-ch Seniors op 04th"]
[Site "Bad Sooden-Allendorf"]
[Date "2008.05.01"]
[Round "8"]
[White "Klose, Hans Peter"]
[Black "Brennscheidt, Raymund"]
[Result "1/2-1/2"]
[WhiteElo "1484"]
[BlackElo "1662"]
[PlyCount "41"]
[EventDate "2008.04.24"]
[EventType "swiss"]
[EventRounds "9"]
[EventCountry "GER"]
[SourceTitle "EXT 2022"]
[Source "ChessBase"]
[SourceDate "2021.10.06"]
[SourceVersion "1"]
[SourceVersionDate "2021.10.06"]
[SourceQuality "1"]

1. d4 Nf6 2. Nf3 g6 3. Bg5 Bg7 4. e3 d6 5. Be2 c6 6. 0-0 Nbd7 7. Nbd2 Qc7 8. h3 0-0 9. c3 Re8 10. Bf4 Nd5 11. Bh2 e5 12. Qc2 Bh6 13. a3 N5f6 14. Ne4 Bg7 15. Rfd1 Nxe4 16. Qxe4 Qb6 17. Qc2 e4 18. Nd2 d5 19. Qb3 Qd8 20. c4 Qg5 21. Bf4 1/2-1/2

[Event "Hessen-ch Seniors op 04th"]
[Site "Bad Sooden-Allendorf"]
[Date "2008.04.30"]
[Round "7"]
[White "Brennscheidt, Raymund"]
[Black "Tomas, Johann"]
[Result "0-1"]
[WhiteElo "1662"]
[BlackElo "1608"]
[PlyCount "66"]
[EventDate "2008.04.24"]
[EventType "swiss"]
[EventRounds "9"]
[EventCountry "GER"]
[SourceTitle "EXT 2022"]
[Source "ChessBase"]
[SourceDate "2021.10.06"]
[SourceVersion "1"]
[SourceVersionDate "2021.10.06"]
[SourceQuality "1"]

1. e4 e5 2. Nf3 d6 3. Bc4 Be7 4. d3 Bg4 5. Be3 Nf6 6. h3 Bh5 7. Nbd2 Nbd7 8. Nf1 c6 9. Ng3 Bg6 10. Bb3 d5 11. exd5 cxd5 12. 0-0 h6 13. Nh4 Bh7 14. Nhf5 0-0 15. Nxe7+ Qxe7 16. Re1 Qd6 17. Qe2 b6 18. c3 Rfe8 19. Rad1 Qc6 20. Qd2 Kh8 21. d4 e4 22. Rc1 b5 23. Qd1 Ng8 24. Qh5 Ndf6 25. Qe2 a6 26. Qd1 Bg6 27. Ne2 Bh5 28. g4 Nxg4 29. hxg4 Bxg4 30. Qd2 Bf3 31. Ng3 Qd7 32. Kh2 Nf6 33. Rg1 Ng4+ 0-1

[Event "Hessen-ch Seniors op 04th"]
[Site "Bad Sooden-Allendorf"]
[Date "2008.04.28"]
[Round "5"]
[White "Brennscheidt, Raymund"]
[Black "Wolff, Heinz"]
[Result "1/2-1/2"]
[WhiteElo "1662"]
[BlackElo "1368"]
[PlyCount "76"]
[EventDate "2008.04.24"]
[EventType "swiss"]
[EventRounds "9"]
[EventCountry "GER"]
[SourceTitle "EXT 2022"]
[Source "ChessBase"]
[SourceDate "2021.10.06"]
[SourceVersion "1"]
[SourceVersionDate "2021.10.06"]
[SourceQuality "1"]

1. e4 c5 2. Nc3 d6 3. Bc4 e6 4. d3 Nf6 5. Bg5 Be7 6. Qd2 a6 7. Nf3 b5 8. Bb3 h6 9. Bh4 Nc6 10. a3 0-0 11. 0-0 Bb7 12. Bg3 Nd4 13. Nxd4 cxd4 14. Ne2 e5 15. h3 Nd7 16. Bh2 Kh8 17. Ng3 Nc5 18. Ba2 Bg5 19. Qe2 Bc8 20. Nh1 Be6 21. Bd5 Bxd5 22. exd5 f5 23. f4 Bxf4 24. Bxf4 exf4 25. Rxf4 Qf6 26. Qf2 Na4 27. Ng3 g6 28. Re1 Rae8 29. Rxe8 Rxe8 30. Ne4 Qe5 31. Qh4 Kg7 32. Qf2 Qxd5 33. Ng3 Qe5 34. Qxd4 Qxd4+ 35. Rxd4 Re6 36. b3 Nc3 37. Kf1 d5 38. h4 h5 1/2-1/2

[Event "Hessen-ch Seniors op 04th"]
[Site "Bad Sooden-Allendorf"]
[Date "2008.04.27"]
[Round "4"]
[White "Van Houten, Henk"]
[Black "Brennscheidt, Raymund"]
[Result "1-0"]
[WhiteElo "1651"]
[BlackElo "1662"]
[PlyCount "59"]
[EventDate "2008.04.24"]
[EventType "swiss"]
[EventRounds "9"]
[EventCountry "GER"]
[SourceTitle "EXT 2022"]
[Source "ChessBase"]
[SourceDate "2021.10.06"]
[SourceVersion "1"]
[SourceVersionDate "2021.10.06"]
[SourceQuality "1"]

1. b3 d6 2. Bb2 e5 3. c4 Nf6 4. d3 Be7 5. e3 b6 6. a3 Bb7 7. e4 0-0 8. Ne2 Nbd7 9. Ng3 g6 10. Be2 Kg7 11. Bc1 h5 12. Ra2 Rh8 13. Bf3 Nc5 14. Ne2 Ne6 15. Be3 c5 16. Nbc3 g5 17. g3 Nd4 18. Bxd4 cxd4 19. Nb1 g4 20. Bg2 Nd7 21. f4 gxf3 22. Bxf3 f5 23. Nd2 Nc5 24. exf5 Nxd3+ 25. Kf1 Bxf3 26. Nxf3 Nc5 27. b4 Nd7 28. Nfxd4 exd4 29. Nxd4 Rc8 30. Ne6+ 1-0

[Event "Staufer Seniors op 13th"]
[Site "Schwaebisch Gmuend"]
[Date "2008.01.05"]
[Round "8"]
[White "Roth, Lothar"]
[Black "Brennscheidt, Raymund"]
[Result "1-0"]
[WhiteElo "2161"]
[BlackElo "1964"]
[PlyCount "97"]
[EventDate "2008.01.02"]
[EventType "swiss"]
[EventRounds "9"]
[EventCountry "GER"]
[SourceTitle "CBM 122 Extra"]
[Source "ChessBase"]
[SourceDate "2008.03.04"]
[SourceVersion "1"]
[SourceVersionDate "2008.03.04"]
[SourceQuality "1"]

1. e4 e6 2. d4 Nf6 3. Bd3 Be7 4. Nf3 0-0 5. 0-0 h6 6. c4 Nc6 7. Nc3 d6 8. e5 Ne8 9. Qe2 Nb4 10. Bb1 d5 11. a3 Nc6 12. cxd5 exd5 13. Qd3 f5 14. Ba2 Be6 15. b4 a6 16. g3 Na7 17. Ne1 c6 18. Ng2 Nc7 19. Nf4 Bd7 20. Nce2 Qe8 21. Bb1 g5 22. Ng2 Ne6 23. f4 Qh5 24. Ne3 Ng7 25. g4 Qh3 26. Ra2 h5 27. gxf5 Bxf5 28. Nxf5 Qxf5 29. Qxf5 Nxf5 30. fxg5 Nh4 31. Bf4 Nb5 32. a4 Nc7 33. Ra3 Nf5 34. Bd2 Ng7 35. Raf3 Rxf3 36. Rxf3 Rf8 37. Kg2 Rxf3 38. Kxf3 Nce6 39. h4 Kf7 40. Ke3 Nf8 41. Nf4 b6 42. Bd3 b5 43. axb5 axb5 44. Be1 Nge6 45. Nxh5 Ng6 46. Bxg6+ Kxg6 47. Nf4+ Nxf4 48. Kxf4 Bd8 49. Kg4 1-0

[Event "Staufer Seniors op 13th"]
[Site "Schwaebisch Gmuend"]
[Date "2008.01.02"]
[Round "2"]
[White "Hoeschele, Hans Ulrich"]
[Black "Brennscheidt, Raymund"]
[Result "1/2-1/2"]
[WhiteElo "2207"]
[BlackElo "1964"]
[PlyCount "55"]
[EventDate "2008.01.02"]
[EventType "swiss"]
[EventRounds "9"]
[EventCountry "GER"]
[SourceTitle "CBM 122 Extra"]
[Source "ChessBase"]
[SourceDate "2008.03.04"]
[SourceVersion "1"]
[SourceVersionDate "2008.03.04"]
[SourceQuality "1"]

1. Nf3 d5 2. d4 Nf6 3. e3 g6 4. c4 c6 5. Nc3 Bg7 6. Bd3 0-0 7. Qc2 Re8 8. Ne5 Ng4 9. Nxg4 Bxg4 10. cxd5 cxd5 11. Qb3 e5 12. 0-0 exd4 13. Nxd5 Nc6 14. e4 Na5 15. Qb4 Be6 16. Nf4 Bd7 17. Ne2 Nc6 18. Qd2 Qb6 19. a4 a5 20. Ng3 Ne5 21. Be2 Rac8 22. Kh1 Ng4 23. Qe1 Nf6 24. Bd3 Nd5 25. Bd2 Qxb2 26. Bxa5 Nc3 27. Qc1 Nxa4 28. Qb1 1/2-1/2

[Event "Mecklenburg VP-ch Seniors op 06th"]
[Site "Plau am See"]
[Date "2006.10.11"]
[Round "8"]
[White "Ulrich, Gert"]
[Black "Brennscheidt, Raymund"]
[Result "1-0"]
[WhiteElo "1524"]
[BlackElo "1636"]
[PlyCount "51"]
[EventDate "2006.10.04"]
[EventType "swiss"]
[EventRounds "9"]
[EventCountry "GER"]
[SourceTitle "EXT 2022"]
[Source "ChessBase"]
[SourceDate "2021.10.06"]
[SourceVersion "1"]
[SourceVersionDate "2021.10.06"]
[SourceQuality "1"]

1. d4 Nf6 2. c4 g6 3. Nc3 Bg7 4. e4 d6 5. Be2 Nbd7 6. Be3 0-0 7. Qd2 Re8 8. h4 h5 9. f3 e5 10. d5 Nf8 11. Nh3 N6h7 12. Ng5 f5 13. exf5 gxf5 14. f4 Nf6 15. fxe5 dxe5 16. 0-0-0 f4 17. Bf2 Bf5 18. g3 Ng4 19. Rdf1 Ng6 20. Bd3 Qf6 21. Nce4 Qf8 22. Bc5 Ne7 23. gxf4 Bxe4 24. Bxe4 Qf6 25. Kb1 b6 26. fxe5 1-0

[Event "Mecklenburg VP-ch Seniors op 06th"]
[Site "Plau am See"]
[Date "2006.10.05"]
[Round "2"]
[White "Habermann, Arno"]
[Black "Brennscheidt, Raymund"]
[Result "1/2-1/2"]
[WhiteElo "2002"]
[BlackElo "1636"]
[PlyCount "68"]
[EventDate "2006.10.04"]
[EventType "swiss"]
[EventRounds "9"]
[EventCountry "GER"]
[SourceTitle "EXT 2022"]
[Source "ChessBase"]
[SourceDate "2021.10.06"]
[SourceVersion "1"]
[SourceVersionDate "2021.10.06"]
[SourceQuality "1"]

1. e4 e5 2. Nf3 d6 3. d4 exd4 4. Bc4 Be7 5. Nxd4 Nf6 6. Nc3 c6 7. 0-0 0-0 8. a4 Qc7 9. Bf4 Ng4 10. h3 Ne5 11. Bb3 Na6 12. Be3 Nc5 13. Ba2 Rd8 14. f4 Ng6 15. b4 Na6 16. Rb1 d5 17. f5 Ne5 18. Bf4 Nxb4 19. exd5 Nxa2 20. Nxa2 Rxd5 21. Nc3 Rd8 22. Qe2 Bf6 23. Nf3 Nxf3+ 24. Qxf3 Qa5 25. Ne4 Qxf5 26. g4 Qg6 27. Bc7 Bd4+ 28. Kh1 Re8 29. Ng5 f6 30. Qb3+ Be6 31. Nxe6 Qe4+ 32. Qf3 Qxf3+ 33. Rxf3 Rxe6 34. Rxb7 Re1+ 1/2-1/2

[Event "Mecklenburg VP-ch Seniors 03rd"]
[Site "Plau am See"]
[Date "2003.10.06"]
[Round "1"]
[White "Brennscheidt, Raymund"]
[Black "Villing, Dieter"]
[Result "0-1"]
[WhiteElo "1748"]
[BlackElo "2177"]
[PlyCount "71"]
[EventDate "2003.10.??"]
[EventType "swiss"]
[EventRounds "9"]
[EventCountry "GER"]
[SourceTitle "EXT 2006"]
[Source "ChessBase"]
[SourceDate "2005.11.24"]
[SourceVersion "1"]
[SourceVersionDate "2005.11.24"]
[SourceQuality "1"]

1. e4 c5 2. Nf3 Nc6 3. Nc3 e6 4. d4 cxd4 5. Nxd4 Nf6 6. Be3 Bb4 7. Bd3 Qa5 8. Nde2 d5 9. exd5 Nxd5 10. Bd2 0-0 11. 0-0 a6 12. a3 Be7 13. Nxd5 Qxd5 14. Bc3 Rd8 15. Ng3 Bd7 16. Qe2 Be8 17. Rad1 Qg5 18. Ne4 Qh4 19. f4 Nd4 20. Qe3 Nf5 21. Qe1 Qh6 22. Rf3 Bc6 23. b4 Rac8 24. Bb2 Nd4 25. Rf1 Ba4 26. Qf2 Nf5 27. g4 Nh4 28. g5 Qh5 29. h3 Nf5 30. Kh2 Bb5 31. Rg1 Bxd3 32. cxd3 Rc6 33. d4 Rdc8 34. Rd2 Qh4 35. Ng3 Nd6 36. Rgd1 0-1

[Event "Wuerttemberg-ch Seniors 15th"]
[Site "Ellwangen"]
[Date "2003.04.17"]
[Round "7"]
[White "Brennscheidt, Raymund"]
[Black "Behmel, Fred"]
[Result "1-0"]
[WhiteElo "1748"]
[BlackElo "1641"]
[PlyCount "103"]
[EventDate "2003.04.??"]
[EventType "swiss"]
[EventRounds "9"]
[EventCountry "GER"]
[SourceTitle "EXT 2006"]
[Source "ChessBase"]
[SourceDate "2005.11.24"]
[SourceVersion "1"]
[SourceVersionDate "2005.11.24"]
[SourceQuality "1"]

1. e4 e5 2. Nc3 Nf6 3. Nf3 Nc6 4. Bb5 Bb4 5. d3 Bxc3+ 6. bxc3 d6 7. h3 0-0 8. Bg5 Qe7 9. 0-0 Nd8 10. Bc4 c5 11. Re1 Ne6 12. Bxe6 Bxe6 13. c4 Qc7 14. Bxf6 gxf6 15. Nh2 Kh8 16. Qh5 Rg8 17. Re3 Rg6 18. Nf3 Rag8 19. Nh4 Rg5 20. Qh6 Qe7 21. Rf3 f5 22. exf5 Bd7 23. f6 Qf8 24. Qxf8 Rxf8 25. Kh2 Rfg8 26. g3 Rh5 27. Rg1 b6 28. Re3 Rh6 29. Rf3 Rh5 30. Re3 Bc8 31. Rf3 Rgg5 32. Re3 Rh6 33. f4 Rg8 34. fxe5 dxe5 35. Rf1 Bb7 36. Rf2 Rh5 37. Nf5 e4 38. Nd6 Rb8 39. Nxf7+ Kg8 40. Nd6 Bc6 41. dxe4 Bd7 42. h4 Re5 43. Rf4 h5 44. Ref3 Rd8 45. Rd3 Be6 46. Nf5 Rxd3 47. Ne7+ Kf7 48. cxd3 Bd7 49. Ng6 Re6 50. Nh8+ Kf8 51. e5 Rc6 52. Ng6+ 1-0

[Event "Mecklenburg VP-ch Seniors 2nd"]
[Site "Sparow"]
[Date "2002.09.20"]
[Round "8"]
[White "Brennscheidt, Raymund"]
[Black "Bungter, Hans"]
[Result "1/2-1/2"]
[WhiteElo "1747"]
[BlackElo "1549"]
[PlyCount "84"]
[EventDate "2002.09.??"]
[EventType "swiss"]
[EventRounds "9"]
[EventCountry "GER"]
[SourceTitle "EXT 2006"]
[Source "ChessBase"]
[SourceDate "2005.11.24"]
[SourceVersion "1"]
[SourceVersionDate "2005.11.24"]
[SourceQuality "1"]

1. e4 c5 2. Nf3 d6 3. d4 cxd4 4. Nxd4 Nf6 5. Nc3 a6 6. Be2 Qc7 7. 0-0 b5 8. Bf3 Bb7 9. Re1 Nbd7 10. Qd2 e6 11. Qg5 Qc5 12. Qd2 Ne5 13. Bd1 Be7 14. h3 Rc8 15. Nb3 Qb6 16. a3 0-0 17. Kh2 Nc4 18. Qd4 Qc7 19. f4 Rfd8 20. Qf2 e5 21. f5 d5 22. exd5 Nxd5 23. Ne4 Nf6 24. Ng3 e4 25. Kh1 Bd6 26. Nf1 Re8 27. Ne3 Bg3 28. Qe2 Bxe1 29. Qxe1 Nxe3 30. Bxe3 Qd7 31. Nc5 Qc7 32. c3 Nd5 33. Bd4 Qc6 34. Qg3 f6 35. Bb3 Kh8 36. Ne6 Rxe6 37. fxe6 Qxe6 38. Re1 Re8 39. Qh4 Qd6 40. Qh5 Bc6 41. Bxd5 Qxd5 42. Qxd5 Bxd5 1/2-1/2

[Event "Mecklenburg VP-ch Seniors 2nd"]
[Site "Sparow"]
[Date "2002.09.17"]
[Round "5"]
[White "Gudat, Alfons"]
[Black "Brennscheidt, Raymund"]
[Result "0-1"]
[WhiteElo "2047"]
[BlackElo "1747"]
[PlyCount "71"]
[EventDate "2002.09.??"]
[EventType "swiss"]
[EventRounds "9"]
[EventCountry "GER"]
[SourceTitle "EXT 2006"]
[Source "ChessBase"]
[SourceDate "2005.11.24"]
[SourceVersion "1"]
[SourceVersionDate "2005.11.24"]
[SourceQuality "1"]

1. e4 e5 2. Nf3 Nc6 3. Bb5 a6 4. Ba4 Nf6 5. d3 d6 6. c3 Be7 7. 0-0 0-0 8. Re1 h6 9. Nbd2 b5 10. Bb3 Na5 11. Bc2 c5 12. Nf1 Nc6 13. Ng3 Nh7 14. a4 b4 15. Bb3 Bd7 16. Be3 Rb8 17. Bc4 a5 18. h3 Qc8 19. Nh2 Nd8 20. Ng4 Bg5 21. Kh2 Be6 22. Bd5 Bxd5 23. Bxg5 Nxg5 24. Nf5 Qe6 25. Nge3 Bc6 26. h4 Nh7 27. g4 Qf6 28. Rg1 Ne6 29. g5 Qd8 30. gxh6 g6 31. h5 g5 32. Nc4 Kh8 33. Ncxd6 Nf4 34. d4 Qf6 35. dxc5 Bxe4 36. Ng3 0-1

[Event "Mecklenburg VP-ch Seniors 2nd"]
[Site "Sparow"]
[Date "2002.09.16"]
[Round "4"]
[White "Brennscheidt, Raymund"]
[Black "Ohse, Peter"]
[Result "1-0"]
[WhiteElo "1747"]
[BlackElo "1200"]
[PlyCount "56"]
[EventDate "2002.09.??"]
[EventType "swiss"]
[EventRounds "9"]
[EventCountry "GER"]
[SourceTitle "EXT 2006"]
[Source "ChessBase"]
[SourceDate "2005.11.24"]
[SourceVersion "1"]
[SourceVersionDate "2005.11.24"]
[SourceQuality "1"]

1. e4 e5 2. d4 exd4 3. Qxd4 Nc6 4. Qe3 b6 5. Bc4 Qf6 6. Nc3 Bc5 7. Qg3 Nge7 8. Nge2 Qg6 9. Bf4 Qxg3 10. Bxg3 d6 11. 0-0-0 a6 12. Bd5 Ra7 13. Na4 0-0 14. a3 b5 15. Nxc5 dxc5 16. f3 b4 17. Bxc6 Nxc6 18. Rd5 bxa3 19. bxa3 Nd4 20. Nxd4 cxd4 21. Rxd4 c5 22. Rc4 f5 23. Rxc5 fxe4 24. fxe4 Re8 25. Rd1 Rae7 26. e5 Bb7 27. Rd2 Kf7 28. Bh4 Rd7 1-0

[Event "Mecklenburg VP-ch Seniors 2nd"]
[Site "Sparow"]
[Date "2002.09.15"]
[Round "3"]
[White "Fanenbruck, Guenter"]
[Black "Brennscheidt, Raymund"]
[Result "1/2-1/2"]
[WhiteElo "1631"]
[BlackElo "1747"]
[PlyCount "33"]
[EventDate "2002.09.??"]
[EventType "swiss"]
[EventRounds "9"]
[EventCountry "GER"]
[SourceTitle "EXT 2006"]
[Source "ChessBase"]
[SourceDate "2005.11.24"]
[SourceVersion "1"]
[SourceVersionDate "2005.11.24"]
[SourceQuality "1"]

1. e4 e5 2. Nf3 d6 3. d4 exd4 4. Nxd4 Nf6 5. Nc3 Be7 6. Bc4 c6 7. a4 Qa5 8. 0-0 a6 9. Re1 0-0 10. h3 Re8 11. Be3 Bf8 12. Nb3 Qd8 13. Bg5 Nbd7 14. Nd4 Ne5 15. Bb3 h6 16. Bh4 Be7 17. Bg3 1/2-1/2

[Event "Mecklenburg VP-ch Seniors 2nd"]
[Site "Sparow"]
[Date "2002.09.14"]
[Round "2"]
[White "Brennscheidt, Raymund"]
[Black "Voelkel, Gustav"]
[Result "1/2-1/2"]
[WhiteElo "1747"]
[BlackElo "1462"]
[PlyCount "34"]
[EventDate "2002.09.??"]
[EventType "swiss"]
[EventRounds "9"]
[EventCountry "GER"]
[SourceTitle "EXT 2006"]
[Source "ChessBase"]
[SourceDate "2005.11.24"]
[SourceVersion "1"]
[SourceVersionDate "2005.11.24"]
[SourceQuality "1"]

1. e4 c6 2. d4 Qc7 3. Bd3 d6 4. Nf3 Bg4 5. h3 Bh5 6. Nc3 Nd7 7. Bf4 e5 8. Be3 Ngf6 9. g4 Bg6 10. Nh4 Be7 11. Nf5 Bf8 12. h4 h5 13. f3 Bxf5 14. exf5 hxg4 15. fxg4 d5 16. Be2 exd4 17. Qxd4 Bd6 1/2-1/2

[Event "Mecklenburg VP-ch Seniors 2nd"]
[Site "Sparow"]
[Date "2002.09.13"]
[Round "1"]
[White "Jentsch, Dieter"]
[Black "Brennscheidt, Raymund"]
[Result "1-0"]
[WhiteElo "2232"]
[BlackElo "1747"]
[PlyCount "37"]
[EventDate "2002.09.??"]
[EventType "swiss"]
[EventRounds "9"]
[EventCountry "GER"]
[SourceTitle "EXT 2006"]
[Source "ChessBase"]
[SourceDate "2005.11.24"]
[SourceVersion "1"]
[SourceVersionDate "2005.11.24"]
[SourceQuality "1"]

1. e4 e5 2. Nf3 d6 3. Bc4 Be7 4. c3 Bf6 5. d4 Nc6 6. Be3 Qe7 7. 0-0 Bd7 8. Nbd2 h5 9. dxe5 dxe5 10. b4 b6 11. Bd5 Rd8 12. Re1 Nh6 13. h3 g5 14. Nh2 Nb8 15. Qxh5 Kf8 16. Qf3 g4 17. hxg4 Bg5 18. Ndf1 Be6 19. Bxg5 1-0

[Event "Wuerttemberg-ch Seniors 13th"]
[Site "Ellwangen"]
[Date "2001.??.??"]
[Round "6"]
[White "Strobel, Walter"]
[Black "Brennscheidt, Raymund"]
[Result "0-1"]
[WhiteElo "1834"]
[BlackElo "1774"]
[PlyCount "66"]
[EventDate "2001.04.??"]
[EventType "swiss"]
[EventRounds "9"]
[EventCountry "GER"]
[SourceTitle "EXT 2006"]
[Source "ChessBase"]
[SourceDate "2005.11.24"]
[SourceVersion "1"]
[SourceVersionDate "2005.11.24"]
[SourceQuality "1"]

1. e4 e5 2. f4 d5 3. Nf3 Nf6 4. exd5 e4 5. Ne5 Nxd5 6. Bc4 Bc5 7. Qe2 0-0 8. Qxe4 c6 9. d4 Bb6 10. c3 f6 11. Bd3 f5 12. Qf3 Nd7 13. 0-0 Qf6 14. Kh1 Qh6 15. Na3 N7f6 16. Nac4 Bc7 17. a4 Be6 18. Bd2 Ng4 19. Qg3 Ndf6 20. Nxg4 Nxg4 21. Ne5 Nf6 22. c4 Rad8 23. Bc3 Ne4 24. Bxe4 fxe4 25. b3 Rf5 26. Qe3 Rh5 27. Qg1 Rf8 28. g3 Bxe5 29. dxe5 Bg4 30. Ra2 Bf3+ 31. Rxf3 exf3 32. Rf2 Rd8 33. Rxf3 Rd1 0-1

[Event "Wuerttemberg-ch Seniors 06th"]
[Site "Ellwangen"]
[Date "1994.??.??"]
[Round "?"]
[White "Blank, Arno"]
[Black "Brennscheidt, Raymund"]
[Result "1-0"]
[WhiteElo "1930"]
[BlackElo "1850"]
[PlyCount "67"]
[EventDate "1994.03.26"]
[EventType "swiss"]
[EventRounds "9"]
[EventCountry "GER"]
[SourceTitle "EXT 2006"]
[Source "ChessBase"]
[SourceDate "2005.11.24"]
[SourceVersion "1"]
[SourceVersionDate "2005.11.24"]
[SourceQuality "1"]

1. Nf3 d5 2. c4 e6 3. g3 Nf6 4. Bg2 c6 5. b3 g6 6. Bb2 Bg7 7. 0-0 0-0 8. d3 Nbd7 9. Nbd2 Re8 10. b4 Qb6 11. Rb1 Qc7 12. a4 b6 13. Qb3 Bb7 14. Rfc1 a5 15. b5 c5 16. e3 Rad8 17. d4 Qb8 18. Ba3 Ne4 19. Nxe4 dxe4 20. Ng5 cxd4 21. Bxe4 dxe3 22. Qxe3 Bf8 23. Bc6 Bxa3 24. Qxa3 Bxc6 25. bxc6 Nc5 26. Rb5 Qc7 27. Rcb1 Rd3 28. Qa1 Qxc6 29. Rxb6 Qxa4 30. Qf6 Rd1+ 31. Kg2 Rd7 32. Rb8 Rc7 33. R1b5 Qxb5 34. Rxb5 1-0